| 000 | 01054nam a22003610a 4500 | ||
|---|---|---|---|
| 001 | PT7703 | ||
| 003 | AR-LpoUNG | ||
| 005 | 20210131232218.0 | ||
| 008 | 191001s2001||||ag |||||||||||||||||spa d | ||
| 020 |
_a9879164512 _c$3.70 |
||
| 040 |
_aAR-LpoUNG _bspa _cAR-LpoUNG _eaacr |
||
| 041 | _aspa | ||
| 044 | _aag | ||
| 082 | 0 | _a982.062 465pe | |
| 100 | 1 | _aAltamirano, Carlos | |
| 245 | 1 | 0 | _aPeronismo y cultura de izquierda |
| 250 | _a1§ edición | ||
| 260 |
_aBuenos Aires : _bTemas, _c2001. |
||
| 300 |
_a142 p. : _btbls. |
||
| 505 | 0 | _aTemas sociales, nº 4 | |
| 520 | _aParalelamente al peronismo, aunque también como parte de él, se desarrollo desde un comienzo otra historia, a manera de contrapunto, la histoira de las ideas sobre el peronismo. | ||
| 650 | 4 | _aARGENTINA | |
| 650 | 4 | _aCOMUNISMO | |
| 650 | 4 | _aCULTURA | |
| 650 | 4 | _aDOCTRINAS POLITICAS | |
| 650 | 4 | _aIDEOLOGIAS | |
| 650 | 4 | _aIDEOLOGIAS POLITICAS | |
| 650 | 4 | _aNACIONALISMO | |
| 650 | 4 | _aSOCIEDAD | |
| 651 | 4 | _aArgentina | |
| 905 | _a7703 | ||
| 942 | _cLIB | ||
| 999 |
_c14372 _d14372 |
||